Esquisse d'une théorie générale de l'évolution économique contemporaine

Saved in:
Bibliographic Details
Main Author: Fourastié, Jean
Format: Book
Language:French
Published: Paris Presses Universitaires de France 1947
Tags: Add Tag
No Tags, Be the first to tag this record!

MARC

LEADER 00000nam a2200000 4500
001 c126631
005 20041019155238.5
041 0 |a fre 
044 |a FR 
245 1 0 |a Esquisse d'une théorie générale de l'évolution économique contemporaine  |c Jean Fourastié 
264 1 |a Paris  |b Presses Universitaires de France  |c 1947 
300 |a 31 s. 
100 1 |a Fourastié, Jean